000 01405nam0a22002891 4500
001 rc\3131087
005 20250530081439.0
021 _aRU
_b[75-41353ж]
035 _a(NLR Aleph) 007314808
090 _a5847841
_c5847841
100 _a20120615d1975 |||y0rusy50 ca
101 0 _arus
102 _aRU
105 _aa z |||||
200 1 _aПрогрессивные методы изготовления литейных форм
_eТруды II всесоюз. межвуз. науч. конф.
_fПод ред. проф. П.В. Черногорова, проф. д-ра техн. наук Ю.П. Васина
210 _aЧелябинск
_cЧеляб. политехн. ин-т
_d1975
215 _a397 с.
_cил.
_d20
225 1 _aЧелябинский политехнический институт имени Ленинского комсомола. Сборник научных трудов
_v№ 155
300 _aВ надзаг.: М-во высш. и сред. образования СССР, Челяб. обл. правл. НТО машпрома
606 _aЛитейные формы
_xПроизводство
_jСборники
_2psbo
702 1 _aЧерногоров
_bП.В.
_gПавел Васильевич
_4340
702 1 _aВасин
_bЮ.П.
_4340
801 0 _aRU
_bNLR
_gpsbo
801 1 _aRU
_bELAR
_2rusmarc
852 _aNLR
_jП10/1244
942 _cBOOK
980 _aNB